English grammar at glance / (Record no. 7773)

MARC details
000 -LEADER
fixed length control field 00511nam a2200157 a 4500
020 ## - INTERNATIONAL STANDARD BOOK NUMBER
ISBN 8121929040 (paperback)
020 ## - INTERNATIONAL STANDARD BOOK NUMBER
ISBN 9788121929042 (paperback)
100 1# - MAIN ENTRY--AUTHOR NAME
Personal name Gnanamurali, M.
245 10 - TITLE STATEMENT
Title English grammar at glance /
260 ## - PUBLICATION, DISTRIBUTION, ETC. (IMPRINT)
Place of publication [S.l.] :
Name of publisher S Chand & Co Ltd,
Year of publication 2010.
300 ## - PHYSICAL DESCRIPTION
Number of Pages 374 ;
856 40 - ELECTRONIC LOCATION AND ACCESS
Uniform Resource Identifier http://www.amazon.com/exec/obidos/ASIN/8121929040/chopaconline-20
Holdings
Withdrawn status Lost status Home library Current library Date acquired Cost, normal purchase price Full call number Accession Number Koha item type
    Seminar Library, Electrical Engg. Seminar Library, Electrical Engg. 01/07/2014 599.00 621.395GNA 39818 Books